[Event "25th Czech Open A 2014"]
[Site "Pardubice CZE"]
[Date "2014.07.23"]
[Round "6.60"]
[White "Marusenko, Petr"]
[Black "Druska, Juraj"]
[Result "0-1"]
[WhiteTitle "IM"]
[BlackTitle "FM"]
[WhiteElo "2207"]
[BlackElo "2355"]
[WhiteFideId "14100606"]
[BlackFideId "14915650"]
[EventDate "2014.07.18"]

1. d4 Nf6 2. c4 e6 3. Nc3 Bb4 4. e3 O-O 5. Bd3 c5 6. Nf3 d5 7. O-O Nc6 8. a3
Bxc3 9. bxc3 Qc7 10. h3 Re8 11. Bb2 Na5 12. cxd5 exd5 13. Ne5 c4 14. Bc2 Ne4 15.
Qh5 g6 16. Qh6 Bf5 17. Qf4 Rac8 18. f3 Ng3 19. Qxg3 Bxc2 20. Qf4 Re6 21. e4 f6
22. Qg4 Rb6 23. Nxg6 hxg6 24. Qxg6+ Qg7 25. Qf5 Rd8 26. Rf2 Ba4 27. Re1 Qg5 28.
Qxg5+ fxg5 29. Bc1 Rb1 30. Rfe2 dxe4 31. fxe4 g4 32. hxg4 Re8 33. d5 Nb3 34. Bf4
Rxe1+ 35. Rxe1 Nc5 36. e5 Nd3 37. Re4 Nxf4 38. Rxf4 Rxe5 39. Rxc4 Bd7 40. Rc7
Rxd5 41. Rxb7 a6 42. c4 Rd1+ 43. Kf2 Bxg4 44. Rb6 Bc8 45. Rb8 Rd8 46. Ke3 Kf7
47. c5 Ke7 48. g4 Kd7 49. Rb6 Kc7 50. g5 Rd5 51. g6 Rxc5 52. Rf6 Rg5 53. Kf4 Rg1
54. Ke5 Bb7 55. Re6 Bc6 56. Re7+ Kb6 57. g7 Kc5 58. Ra7 Bb5 59. Rc7+ Kb6 60. Rf7
Bc4 61. Rf4 Kb5 62. Kf6 Rg3 63. Re4 Rg1 64. Re5+ Kc6 65. a4 Rf1+ 66. Rf5 Rg1 67.
a5 Rb1 68. Ke7 Rb7+ 69. Kf6 Rb8 70. Ke7 Rb2 71. Rf4 Rb7+ 72. Kf8 Rb8+ 73. Ke7
Rb7+ 74. Kf8 Bb3 75. Rf3 Rb8+ 76. Ke7 Rb7+ 77. Kf8 Kc5 78. Rc3+ Kd4 79. Rg3 Rb8+
80. Ke7 Bc4 81. Kd6 Rd8+ 82. Ke7 Rg8 83. Kd6 Bb5 84. Rg4+ Ke3 85. Ke7 Be2 86.
Rg1 Ke4 87. Kf6 Bc4 88. Rh1 Rc8 89. Rh4+ Kd3 90. Rh8 Bg8 91. Rh1 Rc6+ 92. Ke7
Rg6 93. Kf8 Bc4 94. Rb1 Rg5 95. Rb4 Kc3 96. Rb1 Rf5+ 97. Ke8 Rg5 98. Kf8 Kd4 99.
Rb4 Rf5+ 100. Ke8 Rg5 101. Kf8 Kc3 102. Rb1 Bb3 103. Rf1 Kb4 104. Rb1 Rg3 105.
Ra1 Rf3+ 106. Ke8 Rg3 107. Kf8 Kb5 108. Ra3 Kc5 109. Ra1 Kb4 0-1

[Event "25th Czech Open A 2014"]
[Site "Pardubice CZE"]
[Date "2014.07.23"]
[Round "6.61"]
[White "Muhammad, Luthfi Ali"]
[Black "Kubik, Michael"]
[Result "1-0"]
[WhiteTitle "FM"]
[WhiteElo "2336"]
[BlackElo "2238"]
[WhiteFideId "7103743"]
[BlackFideId "344320"]
[EventDate "2014.07.18"]

1. e4 c5 2. Nf3 g6 3. d4 cxd4 4. Nxd4 Nc6 5. Nc3 Bg7 6. Nb3 Bxc3+ 7. bxc3 Nf6 8.
Bd3 d5 9. exd5 Qxd5 10. O-O O-O 11. Re1 Bg4 12. Qd2 Rad8 13. Ba3 Rfe8 14. Qf4
Kg7 15. c4 Qh5 16. Bb2 e5 17. Qg3 Kg8 18. h3 Bc8 19. f4 Nd7 20. Kh2 f6 21. c5
Nf8 22. Nd2 Bf5 23. Ne4 Bxe4 24. Rxe4 Nd7 25. Qf2 exf4 26. Rxf4 Nce5 27. Bb5 a6
28. Ba4 Rf8 29. Kh1 Kg7 30. Rf1 g5 31. Rb4 Rb8 32. Bxd7 Nxd7 33. Qf5 Rf7 34. Qd5
Nf8 35. Qd6 Qe2 36. Rxf6 1-0

[Event "25th Czech Open A 2014"]
[Site "Pardubice CZE"]
[Date "2014.07.23"]
[Round "6.62"]
[White "Zubritskiy, Artyom"]
[Black "Barthel, Ansgar"]
[Result "1-0"]
[WhiteElo "2335"]
[BlackElo "2226"]
[WhiteFideId "4181247"]
[BlackFideId "4643461"]
[EventDate "2014.07.18"]

1. d4 d5 2. c4 Nc6 3. Nc3 dxc4 4. d5 Ne5 5. Qd4 Ng6 6. Nf3 Nf6 7. Qxc4 e5 8.
dxe6 Bxe6 9. Qb5+ Bd7 10. Qxb7 Bc5 11. e3 Rb8 12. Qa6 O-O 13. Be2 Re8 14. O-O
Ne4 15. Rd1 Bd6 16. Qd3 Bf5 17. Qd5 Nxc3 18. bxc3 Be4 19. Qh5 Qf6 20. Ng5 h6 21.
Nxe4 Rxe4 22. Qf3 Qxc3 23. Qxe4 Qxa1 24. Bc4 Qf6 25. Bb3 Kf8 26. Qd5 Rd8 27. Ba3
Kg8 28. Bxd6 Rxd6 29. Qa8+ Kh7 30. Rf1 a6 31. Qb7 Qe7 32. Rc1 Rd7 33. Qxa6 Nh4
34. Qc6 g6 35. g3 Nf5 36. Ba4 Rd2 37. Qxc7 Qf6 38. Rf1 Rxa2 39. Bb3 Ra1 40.
Qxf7+ 1-0

[Event "25th Czech Open A 2014"]
[Site "Pardubice CZE"]
[Date "2014.07.23"]
[Round "6.63"]
[White "Bruedigam, Martin"]
[Black "Linusson, Pelle"]
[Result "1-0"]
[WhiteTitle "FM"]
[WhiteElo "2328"]
[BlackElo "2221"]
[WhiteFideId "24608033"]
[BlackFideId "1709062"]
[EventDate "2014.07.18"]

1. e4 e5 2. Nf3 Nc6 3. Bb5 a6 4. Ba4 Nf6 5. O-O Be7 6. d3 b5 7. Bb3 d6 8. a3 O-O
9. Nc3 Be6 10. Nd5 Na5 11. Nxf6+ Bxf6 12. Bxe6 fxe6 13. b4 Nb7 14. a4 Qd7 15. c4
c5 16. Qb3 bxc4 17. Qxc4 cxb4 18. Qxb4 Nc5 19. Be3 Nxd3 20. Qd2 Nf4 21. Rfd1 d5
22. Ra2 Rad8 23. Bxf4 exf4 24. Qxf4 Qc6 25. exd5 exd5 26. Qd2 d4 27. Ra3 Rd6 28.
Qa2+ Kh8 29. Rad3 Rfd8 30. h3 h6 31. Qb3 Qd5 32. Qxd5 Rxd5 33. Rc1 Rb8 34. Rc4
a5 35. Nd2 Rb4 36. Rxb4 axb4 37. Nb3 Rd6 38. Kf1 Rc6 39. Ke2 Rc2+ 40. Kf3 Ra2
41. a5 Kg8 42. g3 Bd8 43. Rxd4 Bxa5 44. Nxa5 Rxa5 45. Rxb4 h5 46. h4 Kf7 47. Rb6
g6 48. Rd6 Ra4 49. Ke3 Rb4 50. Rd4 Rb2 51. f3 Rb3+ 52. Kf4 Ra3 53. Rb4 Ra5 54.
g4 hxg4 55. Kxg4 Rc5 56. Re4 Kf6 57. Rb4 Ra5 58. f4 Rc5 59. Rb6+ Kf7 60. Rb1 Kf6
61. Re1 Ra5 62. Re5 Ra1 63. h5 gxh5+ 64. Rxh5 Rg1+ 65. Kf3 Ra1 66. Rb5 Ra4 67.
Kg4 Rc4 68. Rb6+ Kf7 69. Kg5 Rc5+ 70. f5 Ra5 71. Rb7+ Kg8 72. Kg6 Ra8 73. f6 Rc8
74. Rg7+ 1-0

[Event "25th Czech Open A 2014"]
[Site "Pardubice CZE"]
[Date "2014.07.23"]
[Round "6.64"]
[White "Tesik, Csaba"]
[Black "Monin, Nikolay"]
[Result "1-0"]
[WhiteTitle "FM"]
[BlackTitle "IM"]
[WhiteElo "2324"]
[BlackElo "2217"]
[WhiteFideId "735582"]
[BlackFideId "4104013"]
[EventDate "2014.07.18"]

1. e4 e6 2. d4 d5 3. Nd2 Nf6 4. e5 Nfd7 5. f4 c5 6. c3 Nc6 7. Ndf3 Qb6 8. g3 a5
9. Bh3 a4 10. Ne2 cxd4 11. cxd4 a3 12. b3 Bb4+ 13. Kf1 Ndb8 14. Kg2 Bd7 15. g4
Na6 16. f5 O-O-O 17. Nf4 Nc7 18. Be3 Kb8 19. Nd3 h5 20. Nxb4 Qxb4 21. Qd3 hxg4
22. Bxg4 exf5 23. Bxf5 Ne7 24. Bxd7 Rxd7 25. Ng5 Ng8 26. Rac1 Qe7 27. e6 fxe6
28. Bf4 e5 29. dxe5 Ne6 30. Qf5 Nxf4+ 31. Qxf4 Nh6 32. e6+ Qd6 33. Qxd6+ Rxd6
34. Rhf1 Re8 35. Kg3 d4 36. Kf4 d3 37. Ke5 Rdd8 38. h3 g6 39. Rcd1 Nf5 40. Rf3
d2 41. Rf2 Rd3 42. Rfxd2 Re3+ 43. Kf6 Rf8+ 44. Nf7 1-0

[Event "25th Czech Open A 2014"]
[Site "Pardubice CZE"]
[Date "2014.07.23"]
[Round "6.65"]
[White "Cremer, Jan Paul"]
[Black "Krapivin, Vladislav"]
[Result "1/2-1/2"]
[BlackTitle "IM"]
[WhiteElo "2194"]
[BlackElo "2321"]
[WhiteFideId "24686115"]
[BlackFideId "4126149"]
[EventDate "2014.07.18"]

1. e4 d6 2. d4 Nf6 3. Nc3 e5 4. dxe5 dxe5 5. Qxd8+ Kxd8 6. Bg5 c6 7. O-O-O+ Ke8
8. f3 Be6 9. g3 Nbd7 10. Bh3 h6 11. Be3 Bc5 12. Bxc5 Nxc5 13. Bxe6 Nxe6 14. Nge2
Rd8 15. Rxd8+ Kxd8 16. Kd2 g5 17. Ke3 h5 18. h4 g4 19. f4 Nd7 20. f5 Nec5 21.
Nc1 a5 22. Rd1 Kc7 23. Nd3 b5 24. Nxc5 Nxc5 25. Ne2 f6 26. Nc1 Na4 27. Nd3 c5
28. Rc1 Kc6 29. c4 b4 30. b3 Nb6 31. Ne1 a4 32. Nc2 Ra8 33. Ra1 Kb7 34. Kd2 Nd7
35. Rd1 Nb8 36. Kc1 axb3 37. axb3 Kc7 38. Ne3 Ra1+ 39. Kc2 Rxd1 40. Kxd1 Nd7 41.
Nd5+ Kd8 42. Kd2 Ke8 43. Nc7+ Ke7 44. Nd5+ 1/2-1/2

[Event "25th Czech Open A 2014"]
[Site "Pardubice CZE"]
[Date "2014.07.23"]
[Round "6.66"]
[White "Hrabusa, Matej"]
[Black "Titan, Matej"]
[Result "1-0"]
[WhiteElo "2319"]
[BlackElo "2202"]
[WhiteFideId "14908042"]
[BlackFideId "14608146"]
[EventDate "2014.07.18"]

1. e4 e5 2. Nf3 Nc6 3. Bc4 Bc5 4. c3 Nf6 5. d3 a6 6. Bb3 Ba7 7. h3 h6 8. Nbd2
O-O 9. Nf1 d5 10. Qe2 Be6 11. Bc2 dxe4 12. dxe4 b5 13. Ne3 Bxe3 14. Qxe3 Qe7 15.
Nh4 Na5 16. g4 Nh7 17. Qg3 Nc4 18. Rg1 Rad8 19. Nf5 Bxf5 20. gxf5 Qf6 21. h4 Rd7
22. b3 Nd6 23. Ba3 Rfd8 24. O-O-O Ne8 25. Rxd7 Rxd7 26. Bb2 Qe7 27. f4 exf4 28.
Qxf4 f6 29. Qxh6 Qc5 30. Qg6 Qe3+ 31. Kb1 Nf8 32. Qg4 c5 33. Qg3 Qxg3 34. Rxg3
c4 35. bxc4 bxc4 36. Ba4 Re7 37. Bc6 Nd6 38. Ba3 Rc7 39. Bd5+ Nf7 40. Kc2 Nd7
41. Be7 1-0

[Event "25th Czech Open A 2014"]
[Site "Pardubice CZE"]
[Date "2014.07.23"]
[Round "6.67"]
[White "Glantz, Robert"]
[Black "Heimrath, Reiner"]
[Result "1/2-1/2"]
[WhiteTitle "FM"]
[BlackTitle "FM"]
[WhiteElo "2317"]
[BlackElo "2187"]
[WhiteFideId "24629596"]
[BlackFideId "4618866"]
[EventDate "2014.07.18"]

1. e4 d6 2. d4 Nf6 3. Nc3 e5 4. Nf3 exd4 5. Nxd4 Be7 6. g3 Bg4 7. f3 Bd7 8. Be3
O-O 9. Qd2 a6 10. g4 b5 11. O-O-O b4 12. Nce2 c5 13. Nf5 Bxf5 14. gxf5 Nc6 15.
Ng3 Qa5 16. Kb1 d5 17. Qe1 Rad8 18. Bf4 dxe4 19. Rxd8 Rxd8 20. Nxe4 Nxe4 21.
fxe4 Bh4 22. Qc1 Rd4 23. Be3 Rd8 24. Bc4 Ne5 25. Bd5 Bf6 26. Qg1 Rc8 27. Qg3 Qc7
28. Rg1 Kh8 29. h4 Qe7 30. h5 h6 31. Bf4 Rd8 32. Qb3 a5 33. Qe3 Kh7 34. Qb3 c4
35. Qe3 a4 36. Qg3 a3 37. b3 cxb3 38. Qxb3 Rc8 39. Rg3 Qc5 40. Be3 Qb5 41. Bc1
Qe2 42. Re3 Qf2 43. Rg3 Rc5 44. c4 bxc3 45. Rxc3 Rxc3 46. Qxc3 Nf3 47. Qe3 Qf1
48. Bxf7 Bb2 49. f6 Bxc1 50. Bg6+ Kh8 51. fxg7+ Kxg7 52. Qc3+ Kg8 53. Qc8+ Kg7
54. Qc3+ Kg8 55. Qb3+ Kh8 56. Qc3+ Kg8 57. Qc8+ Kg7 58. Qc7+ Kf6 59. e5+ Kg5 60.
Qxc1+ Qxc1+ 61. Kxc1 Nxe5 62. Be8 Ng4 63. Kc2 Nf6 64. Bc6 Nxh5 65. Kb3 Kf6 66.
Kxa3 Ke5 67. Kb4 Kd6 68. Kb5 Ng7 69. Kb6 Ne6 70. a4 Nd4 71. Be4 Nb3 72. Bg6 Nc5
73. a5 Nd7+ 74. Kb7 Nc5+ 75. Kc8 Na6 76. Be8 h5 77. Kb7 Nc5+ 78. Kb6 h4 79. Bc6
h3 80. Bh1 h2 81. Kb5 Ne6 82. Kb6 Nc5 83. Kb5 Ne6 84. Kb6 Nc5 85. Bg2 Nd7+ 86.
Kb5 Kc7 87. Ka6 Nc5+ 88. Kb5 Nd7 89. Be4 Kb8 90. Kc6 Ka7 91. Kb5 Ne5 92. Bd5 Ng4
93. Kc5 1/2-1/2

[Event "25th Czech Open A 2014"]
[Site "Pardubice CZE"]
[Date "2014.07.23"]
[Round "6.68"]
[White "Lokander, Martin"]
[Black "Yefimov, Mstislav"]
[Result "1-0"]
[WhiteTitle "FM"]
[WhiteElo "2309"]
[BlackElo "2138"]
[WhiteFideId "1709569"]
[BlackFideId "24122386"]
[EventDate "2014.07.18"]

1. b3 d5 2. Bb2 Nf6 3. e3 Bf5 4. Nf3 e6 5. c4 Be7 6. Be2 O-O 7. Nc3 c6 8. cxd5
exd5 9. h3 Nbd7 10. g4 Bg6 11. h4 Nxg4 12. Nd4 Nge5 13. h5 Nd3+ 14. Bxd3 Bxd3
15. Qg4 Bf6 16. Rg1 Ne5 17. Qg2 Be4 18. Nxe4 Nd3+ 19. Ke2 dxe4 20. Bc3 Re8 21.
Rad1 Bxd4 22. Bxd4 Qxd4 23. exd4 Nf4+ 24. Ke3 Nxg2+ 25. Rxg2 Re6 26. Rc1 Rd8 27.
Rg5 Red6 28. Rc4 b5 29. Rc2 Rxd4 30. h6 Rd3+ 31. Ke2 g6 32. Re5 f5 33. Re7 R8d7
34. Rxd7 Rxd7 35. Rxc6 Kf7 36. Ke3 g5 37. Rc5 Kg6 38. Rxb5 Rd3+ 39. Ke2 f4 40.
Re5 Rd4 41. Re6+ Kf5 42. Re7 f3+ 43. Ke1 g4 44. Rxh7 g3 45. fxg3 Kg4 46. Rg7+
Kh3 47. Kf1 Rxd2 48. h7 Rd1+ 49. Kf2 Rd2+ 50. Ke3 Re2+ 51. Kd4 Kg2 52. h8=Q f2
53. Rf7 e3 54. Qa8+ Kg1 55. Qf3 Re1 56. Qxe3 1-0

[Event "25th Czech Open A 2014"]
[Site "Pardubice CZE"]
[Date "2014.07.23"]
[Round "6.69"]
[White "Ageichenko, Genadi A"]
[Black "Pischikov, Vadim"]
[Result "1-0"]
[WhiteTitle "IM"]
[WhiteElo "2297"]
[BlackElo "2130"]
[WhiteFideId "4105222"]
[BlackFideId "4100280"]
[EventDate "2014.07.18"]

1. d4 d5 2. c4 e6 3. Nf3 Nf6 4. Nc3 Be7 5. Bg5 O-O 6. e3 Nbd7 7. cxd5 exd5 8.
Bd3 c6 9. Qc2 Re8 10. O-O Nf8 11. Bxf6 Bxf6 12. b4 a6 13. Na4 g6 14. Nc5 b6 15.
Nb3 Qd6 16. a3 Ne6 17. Rfc1 Bb7 18. Rab1 Ra7 19. Qd2 Be7 20. Bf1 Rc8 21. Rc3 Rc7
22. Rbc1 Ra8 23. g3 Rac8 24. Bh3 f5 25. Qb2 Bf6 26. Qb1 Qe7 27. R1c2 Ng7 28. Nc1
g5 29. Bg2 g4 30. Nd2 Ne8 31. Nd3 Nd6 32. a4 Ba8 33. Rc1 Ne4 34. Nxe4 fxe4 35.
Nf4 Bg5 36. Ne2 Qd6 37. Rb3 Bb7 38. Rc2 h5 39. Qd1 Rf8 40. Qd2 Qf6 41. Nf4 Bxf4
42. exf4 Rd8 43. Rbc3 Qd6 44. Rb2 Bc8 45. Bf1 Qe7 46. Qc1 Qf6 47. Rbc2 Bb7 48.
Qe3 Qf8 49. Rb2 c5 50. bxc5 bxc5 51. Rcb3 Qg7 52. dxc5 d4 53. Bc4+ Kh8 54. Qd2
Re7 55. f5 Bc8 56. Rb8 Rde8 57. Qf4 Qf6 58. R2b6 Qf8 59. f6 Rh7 60. f7 Rd8 61.
Qf6+ Rg7 62. Qe5 1-0

[Event "25th Czech Open A 2014"]
[Site "Pardubice CZE"]
[Date "2014.07.23"]
[Round "6.70"]
[White "Majer, Jiri"]
[Black "Tokranovs, Dmitrijs"]
[Result "1/2-1/2"]
[WhiteTitle "FM"]
[WhiteElo "2172"]
[BlackElo "2297"]
[WhiteFideId "307564"]
[BlackFideId "11603011"]
[EventDate "2014.07.18"]

1. Nf3 d5 2. d4 c6 3. g3 Nf6 4. Bg2 e6 5. O-O Be7 6. b3 b6 7. Bb2 Bb7 8. Nbd2
O-O 9. c4 Nbd7 10. Qc2 Rc8 11. Rac1 c5 12. Qb1 dxc4 13. Nxc4 b5 14. Nce5 Nxe5
15. dxe5 Nd5 16. Rfd1 Qc7 17. h4 h6 18. Nd4 a6 19. Nf5 Rfd8 20. Nxe7+ Nxe7 21.
Rxd8+ Rxd8 22. Bxb7 Qxb7 23. Rxc5 Rd2 24. Rc2 Qd5 25. Rxd2 Qxd2 26. e3 1/2-1/2

[Event "25th Czech Open A 2014"]
[Site "Pardubice CZE"]
[Date "2014.07.23"]
[Round "6.71"]
[White "Villegas, Pierre"]
[Black "Shuvalova, Polina"]
[Result "1-0"]
[WhiteTitle "FM"]
[BlackTitle "WFM"]
[WhiteElo "2291"]
[BlackElo "2108"]
[WhiteFideId "654183"]
[BlackFideId "24171760"]
[EventDate "2014.07.18"]

1. d4 Nf6 2. c4 g6 3. Nc3 Bg7 4. e4 d6 5. f3 O-O 6. Nge2 Nc6 7. Be3 Rb8 8. Qd2
a6 9. Rc1 Bd7 10. Nd1 b5 11. c5 e6 12. Nf2 b4 13. g3 a5 14. Bg2 Ne7 15. O-O Bb5
16. Rfd1 Nd7 17. Rc2 dxc5 18. dxc5 Ne5 19. Qc1 Qc8 20. Nd4 N5c6 21. Nxb5 Rxb5
22. Bh3 Rd8 23. Rcd2 Rxd2 24. Qxd2 Rb8 25. b3 Qf8 26. Qd7 Be5 27. Qd3 Rd8 28.
Qf1 Bd4 29. Bxd4 Rxd4 30. Rxd4 Nxd4 31. f4 Nec6 32. Qc4 Qb8 33. Bf1 Qd8 34. Kg2
e5 35. Nd3 exf4 36. Nxf4 Qe7 37. Qd5 Qe5 38. Bc4 Qxd5 39. exd5 Ne5 40. Nd3 Nxd3
41. Bxd3 c6 42. dxc6 Nxc6 43. Kf3 f5 44. Ba6 Kf7 45. Bb7 Nd4+ 46. Ke3 Ne6 47.
Bd5 Ke7 48. Bxe6 Kxe6 49. Kd4 g5 50. Kc4 f4 51. gxf4 gxf4 52. Kd4 f3 53. Ke3 Kd5
54. Kxf3 Kxc5 55. Ke4 h5 56. h4 Kd6 57. Kf5 Kd5 58. Kg5 Kd4 59. Kxh5 Kc3 60. Kg4
Kb2 61. h5 Kxa2 62. h6 a4 63. h7 axb3 64. h8=Q b2 65. Qa8+ Kb3 66. Qd5+ Ka3 67.
Qd1 Ka2 68. Qa4+ Kb1 69. Qxb4 Ka1 70. Qa4+ Kb1 71. Kf3 1-0

[Event "25th Czech Open A 2014"]
[Site "Pardubice CZE"]
[Date "2014.07.23"]
[Round "6.72"]
[White "Rodionova, Polina"]
[Black "Spalir, Jernej"]
[Result "1/2-1/2"]
[WhiteTitle "WFM"]
[BlackTitle "FM"]
[WhiteElo "2138"]
[BlackElo "2289"]
[WhiteFideId "24102555"]
[BlackFideId "14606518"]
[EventDate "2014.07.18"]

1. e4 c6 2. Nc3 d5 3. Nf3 d4 4. Ne2 c5 5. d3 Nc6 6. g3 Bg4 7. Bg2 Nf6 8. h3 Bh5
9. O-O e5 10. Nd2 g5 11. Nc4 h6 12. a4 Be7 13. f4 gxf4 14. gxf4 Nd7 15. fxe5
Ndxe5 16. Nxe5 Nxe5 17. Rf5 Bxe2 18. Qxe2 f6 19. Qh5+ Kd7 20. Bf4 Bd6 21. Rf1
Rg8 22. Bxe5 Bxe5 23. Rxe5 fxe5 24. Rf7+ Kc6 25. Qxe5 b6 26. b4 Rxg2+ 27. Kxg2
Qg5+ 28. Qxg5 hxg5 29. b5+ Kd6 30. Rg7 a6 31. Rg6+ Kc7 32. Rxg5 axb5 33. axb5
Ra2 34. e5 Rxc2+ 35. Kf3 c4 36. Rg7+ Kd8 37. Ke4 cxd3 38. Kxd3 Rc5 39. Kxd4 Rxb5
40. Rh7 Rb1 41. h4 Rd1+ 42. Ke4 b5 43. Kf5 b4 44. Rb7 Rf1+ 45. Kg6 Rg1+ 46. Kf6
Rf1+ 47. Ke6 Rf4 48. h5 Rh4 49. Kd6 Rd4+ 50. Kc5 Re4 51. Kd5 Rh4 52. e6 Rh1 53.
Rxb4 Ke7 54. Rb7+ Ke8 55. Rh7 Rd1+ 56. Ke5 Re1+ 57. Kf6 Rf1+ 58. Kg6 Rg1+ 59.
Kh6 Re1 60. e7 Re6+ 61. Kg5 Rxe7 62. Rh8+ Kf7 63. h6 Re5+ 64. Kg4 1/2-1/2

[Event "25th Czech Open A 2014"]
[Site "Pardubice CZE"]
[Date "2014.07.23"]
[Round "6.73"]
[White "Kozusek, Daniel"]
[Black "Priasmoro, Novendra"]
[Result "1-0"]
[WhiteElo "2083"]
[BlackElo "2282"]
[WhiteFideId "349500"]
[BlackFideId "7105029"]
[EventDate "2014.07.18"]

1. d4 Nf6 2. c4 g6 3. Nc3 d5 4. cxd5 Nxd5 5. e4 Nxc3 6. bxc3 Bg7 7. Bc4 c5 8.
Ne2 Nc6 9. Be3 O-O 10. O-O Qc7 11. Rc1 Bg4 12. f3 Bd7 13. d5 Na5 14. Bd3 c4 15.
Bb1 Rad8 16. Qe1 e6 17. Qf2 b6 18. dxe6 Bxe6 19. f4 Bc8 20. f5 Rfe8 21. f6 Bf8
22. Qh4 Re5 23. g4 Qd7 24. h3 Bb7 25. Ng3 Nc6 26. Bc2 Re6 27. Rcd1 Qe8 28. Ba4
Red6 29. Rde1 Rd3 30. Bd4 Qe6 31. Bxc6 Bxc6 32. Rf2 b5 33. Nf5 b4 34. Ne7+ Kh8
35. Nxg6+ fxg6 36. f7+ R8xd4 37. cxd4 Rxd4 38. Rf6 Qd7 39. Rxg6 Qxf7 40. Rxc6
Qd7 41. Qf6+ Kg8 42. Qg5+ Bg7 43. Qc5 h6 44. Rc7 Qd6 45. Rc8+ Kf7 46. Rf1+ Ke7
47. Qxa7+ 1-0

[Event "25th Czech Open A 2014"]
[Site "Pardubice CZE"]
[Date "2014.07.23"]
[Round "6.74"]
[White "Chovan, Milan"]
[Black "Pagerka, Martin"]
[Result "1/2-1/2"]
[WhiteElo "2049"]
[BlackElo "2265"]
[WhiteFideId "14933691"]
[BlackFideId "14911230"]
[EventDate "2014.07.18"]

1. e4 c5 2. Nf3 d6 3. d4 cxd4 4. Nxd4 Nf6 5. Nc3 e6 6. g4 h6 7. h4 d5 8. exd5
exd5 9. Bb5+ Bd7 10. Qe2+ Be7 11. Rg1 Nc6 12. Be3 a6 13. Bd3 Qb6 14. Nxc6 Qxc6
15. O-O-O O-O-O 16. Bd4 Be6 17. Kb1 Rhe8 18. g5 hxg5 19. hxg5 Nd7 20. Bxg7 Bc5
21. Qf3 Rg8 22. Bf6 Nxf6 23. Qxf6 Bf8 24. Qd4 Bg7 25. Qb4 Be5 26. Ne2 Bh2 27.
Rg2 Be5 28. f4 d4 29. Rgg1 Bd6 30. Qd2 Kb8 31. f5 Bd5 32. Nxd4 Bxa2+ 33. Kxa2
Qa4+ 34. Kb1 Qxd4 35. Qa5 Bc7 36. Qa2 Qd7 37. g6 fxg6 1/2-1/2

[Event "25th Czech Open A 2014"]
[Site "Pardubice CZE"]
[Date "2014.07.23"]
[Round "6.75"]
[White "Jedlicka, Ales"]
[Black "Shevchenko, Kirill"]
[Result "0-1"]
[WhiteTitle "FM"]
[BlackTitle "CM"]
[WhiteElo "2259"]
[BlackElo "2100"]
[WhiteFideId "304824"]
[BlackFideId "14129574"]
[EventDate "2014.07.18"]

1. d4 Nf6 2. c4 g6 3. Nc3 Bg7 4. e4 d6 5. Be2 O-O 6. Nf3 e5 7. Be3 exd4 8. Nxd4
Re8 9. f3 c6 10. Qd2 d5 11. exd5 cxd5 12. O-O Nc6 13. Rad1 dxc4 14. Nxc6 Qxd2
15. Bxd2 bxc6 16. Bxc4 Be6 17. Bxe6 Rxe6 18. Rfe1 Rae8 19. Rxe6 Rxe6 20. Rc1 Kf8
21. b3 Ke8 22. Kf1 h6 23. Na4 Nd5 24. Nc5 Re7 25. Na6 Re6 26. Nb8 Ne7 27. Na6
Nd5 28. Rc4 Kd8 29. Nc5 Re7 30. Ra4 h5 31. Ra6 Nb6 32. Ba5 Bd4 33. Bxb6+ axb6
34. Ra8+ Kc7 35. Ra7+ Kd6 36. Ne4+ Ke6 37. Ng5+ Kf6 38. Nh7+ Ke6 39. Ra4 Kd5 40.
Ng5 f5 41. f4 Bc3 42. Ra8 b5 43. Rd8+ Kc5 44. Rd3 Kb4 45. Rd6 c5 46. Rxg6 Re1+
47. Kf2 Ra1 48. Ra6 Bd4+ 49. Ke2 c4 50. bxc4 bxc4 51. Nf3 Bc5 52. Ne1 Rb1 53.
Ra8 Rb2+ 54. Kd1 Kc3 55. Rd8 Rxa2 56. Rd5 Be3 57. g3 Rf2 58. h4 Bd4 59. Rxf5
Rd2+ 60. Kc1 Be3 61. Re5 Rd3+ 62. Kb1 Rd1+ 63. Ka2 Rxe1 64. Rxh5 Bd4 65. Rd5 Kd3
66. Rc5 Bxc5 0-1

[Event "25th Czech Open A 2014"]
[Site "Pardubice CZE"]
[Date "2014.07.23"]
[Round "6.76"]
[White "Kratochvil, Josef"]
[Black "Paszewski, Mateusz"]
[Result "1-0"]
[WhiteTitle "FM"]
[WhiteElo "2257"]
[BlackElo "2100"]
[WhiteFideId "328626"]
[BlackFideId "1141058"]
[EventDate "2014.07.18"]

1. e4 c5 2. Nf3 Nc6 3. d4 cxd4 4. Nxd4 g6 5. Nc3 Bg7 6. Nde2 d6 7. g3 Nf6 8. Bg2
O-O 9. O-O Rb8 10. a4 a6 11. Nd5 b5 12. axb5 axb5 13. c3 Nd7 14. h3 e6 15. Ndf4
Nc5 16. Be3 Qc7 17. Nd4 Bd7 18. b4 Bxd4 19. cxd4 Na4 20. Nd3 Nb6 21. d5 exd5 22.
exd5 Ne7 23. Rc1 Nc4 24. Bd4 f6 25. Re1 Nf5 26. Ba1 Kf7 27. Nf4 Ng7 28. Qd4 Qd8
29. g4 Ne5 30. Ne2 Qb6 31. Qd2 Rbc8 32. Nd4 Rce8 33. Nc6 Kg8 34. Bd4 Qb7 35. f4
Nc4 36. Qc3 Bxc6 37. dxc6 Qf7 38. Rxe8 Nxe8 39. Ra1 Nc7 40. Ra7 Ra8 41. Rxa8+
Nxa8 42. Bxf6 Nc7 43. Bd8 Nb6 44. Qd4 1-0

[Event "25th Czech Open A 2014"]
[Site "Pardubice CZE"]
[Date "2014.07.23"]
[Round "6.77"]
[White "Feher, Adam"]
[Black "Pon, Matt"]
[Result "1-0"]
[BlackTitle "FM"]
[WhiteElo "2398"]
[BlackElo "2041"]
[WhiteFideId "739081"]
[BlackFideId "14301644"]
[EventDate "2014.07.18"]

1. e4 e5 2. Nf3 Nc6 3. Bb5 a6 4. Ba4 Nf6 5. O-O Be7 6. d3 b5 7. Bb3 d6 8. c3 O-O
9. a4 Bb7 10. Re1 Na5 11. Bc2 c5 12. Nbd2 g6 13. Nf1 Nh5 14. d4 Qc7 15. Ne3 Nf6
16. d5 c4 17. h3 Bc8 18. axb5 axb5 19. Nh2 Bd7 20. Neg4 Nxg4 21. Nxg4 Nb7 22.
Rb1 h5 23. Nh2 Kg7 24. f4 exf4 25. Bxf4 Bf6 26. Qd2 Kg8 27. Rf1 Rae8 28. Nf3 Bg7
29. Rbe1 Re7 30. Bg5 f6 31. Be3 Be8 32. Nh4 Re5 33. Bd4 Re7 34. Qf2 Nc5 35. Qg3
Bh8 36. Nf5 Rd7 37. Ra1 Kh7 38. Nh4 Nd3 39. Ra7 Qd8 40. Qxd6 1-0

[Event "25th Czech Open A 2014"]
[Site "Pardubice CZE"]
[Date "2014.07.23"]
[Round "6.78"]
[White "Cerveny, Martin"]
[Black "Gantar, Jan"]
[Result "1-0"]
[WhiteTitle "FM"]
[WhiteElo "2375"]
[BlackElo "2212"]
[WhiteFideId "321141"]
[BlackFideId "14607875"]
[EventDate "2014.07.18"]

1. d4 Nf6 2. Nf3 c5 3. d5 e6 4. c4 exd5 5. cxd5 d6 6. Nc3 g6 7. h3 Bg7 8. e4 O-O
9. Bd3 b5 10. Nxb5 Re8 11. O-O Nxe4 12. Re1 a6 13. Nc3 Nxc3 14. Rxe8+ Qxe8 15.
bxc3 Bxc3 16. Rb1 Nd7 17. Qa4 Nf6 18. Qc4 Ba5 19. Bb2 Nh5 20. g4 Ng7 21. Qf4 Qf8
22. Nd2 f5 23. Nc4 Bd8 24. g5 Bb7 25. Bxg7 Qxg7 26. Nxd6 Bxd5 27. Bc4 Bxc4 28.
Qxc4+ Kf8 29. Rb7 Be7 30. Qe6 Rd8 31. Nc8 Rxc8 32. Qxc8+ Kf7 33. Qxc5 Qa1+ 34.
Kg2 Qe1 35. Qd5+ Kg7 36. Qd4+ Kg8 37. Rb8+ Bf8 38. Qd6 Qe4+ 39. Kh2 1-0